000 00365nam a22001577a 4500
020 _a978-93-7098-094-5
082 _aM3
_bMEE/K
100 _aMeera K R.
245 _aKalachi/
_cby Meera K R.
260 _aKerala:
_bDC Books,
_c2025.
300 _a416p.
650 _aNovel Malayalam
650 _aLiterature Malayalam
650 _aLiterature
942 _cBK
999 _c181803
_d181803